[Event "Gold Coast op"]
[Site "Gold Coast"]
[Date "2022.06.26"]
[Round "6"]
[White "Brady, Aiden"]
[Black "Datar, Tejas"]
[Result "1-0"]
[WhiteElo "1866"]
[BlackElo "2033"]
[PlyCount "89"]
[EventDate "2022.06.23"]
[EventType "swiss"]
[EventRounds "9"]
[EventCountry "AUS"]
[SourceTitle "CBM 209 Extra"]
[Source "ChessBase"]
[SourceDate "2022.09.30"]
[SourceVersion "1"]
[SourceVersionDate "2022.09.30"]
[SourceQuality "1"]

1. e4 c5 2. Nf3 d6 3. d4 cxd4 4. Nxd4 Nf6 5. Nc3 a6 6. Be3 e5 7. Nb3 Be6 8. f3 h5 9. Nd5 Bxd5 10. exd5 Nbd7 11. Qd2 g6 12. Be2 Bg7 13. 0-0 b6 14. c4 0-0 15. Rac1 Re8 16. Rfe1 e4 17. Nd4 exf3 18. Bxf3 Ne5 19. Nc6 Qc7 20. Bf4 Nfd7 21. Kh1 Nxf3 22. gxf3 Rxe1+ 23. Rxe1 Ne5 24. Bxe5 Bxe5 25. b4 a5 26. bxa5 bxa5 27. c5 Rc8 28. Nxe5 dxe5 29. Rc1 Rd8 30. Kg2 Kh7 31. d6 Qc6 32. Qe3 Qd5 33. Rc2 f6 34. Qb3 Qd1 35. Rb2 Qd4 36. Rc2 Qd1 37. Qf7+ Kh6 38. Rf2 Kg5 39. Qe7 Rh8 40. h4+ Kf5 41. Qd7+ Kf4 42. Qg7 Ke3 43. Qxf6 e4 44. Qg5+ Kd3 45. Qd5+ 1-0